| 000 | 004310000a22001810004500 | ||
|---|---|---|---|
| 999 |
_c47565 _d47565 |
||
| 001 | 320 | ||
| 003 | CO-MdFUSB | ||
| 005 | 20180507135756.0 | ||
| 008 | 180507b xxu||||| |||| 00| 0 eng d | ||
| 020 | _a84-372-3729-7 | ||
| 040 | _cCO-MdBIC | ||
| 082 | 0 | 4 | _a036 Al79p |
| 100 | 1 | _aParker, Steve | |
| 245 | 1 | 0 | _aBiblioteca Visual Altea : Los peces / Steve Parker |
| 260 | _aMadrid : Santillana | ||
| 300 | _a63 P. | ||
| 942 | _cLGB | ||